Thế giới số
Wedi'i Gadw mewn:
| Prif Awdur: | |
|---|---|
| Fformat: | Llyfr |
| Iaith: | Undetermined |
| Cyhoeddwyd: |
Hà Nội
|
| Pynciau: | |
| Mynediad Ar-lein: | http://lrc.tdmu.edu.vn/opac/search/detail.asp?aID=2&ID=6899 |
| Tagiau: |
Ychwanegu Tag
Dim Tagiau, Byddwch y cyntaf i dagio'r cofnod hwn!
|
| Thư viện lưu trữ: | Trung tâm Học liệu Trường Đại học Thủ Dầu Một |
|---|
| LEADER | 00485nam a2200145Ia 4500 | ||
|---|---|---|---|
| 001 | TDMU_6899 | ||
| 008 | 210410s9999 xx 000 0 und d | ||
| 082 | |a NULL | ||
| 100 | |a Hội Tin học Việt Nam | ||
| 245 | 0 | |a Thế giới số | |
| 260 | |a Hà Nội | ||
| 300 | |a 80tr | ||
| 650 | |a Tạp chí Tin học & Đời sống | ||
| 856 | |u http://lrc.tdmu.edu.vn/opac/search/detail.asp?aID=2&ID=6899 | ||
| 980 | |a Trung tâm Học liệu Trường Đại học Thủ Dầu Một | ||